| 000 | 00704nam a2200241Ia 4500 | ||
|---|---|---|---|
| 008 | 160319s9999 xx 000 0 und d | ||
| 020 | _a0-439723868 | ||
| 050 | _aFic | ||
| 050 | _b.V145d 2005 | ||
| 100 | _aValdes, Leslie | ||
| 245 | _aDora's pirate adventure / | ||
| 245 | _cby Leslie Valdes ; based on the original teleplay by Chris Gifford ; illustrated by Dave Aikins. | ||
| 260 | _aNew York : | ||
| 260 | _bScholastic Inc. | ||
| 260 | _c2005 | ||
| 300 | _billustrations : | ||
| 300 | _c20 cm. | ||
| 650 | _aDora the Explorer (Fictitious character) | ||
| 650 | _aDora the Explorer (Fictitious character) -- | ||
| 650 | _aPirates -- | ||
| 650 | _xFiction. | ||
| 650 | _xFiction. | ||
| 999 |
_c292053 _d292053 |
||